<?xml version="1.0" encoding="UTF-8"?><?xml-stylesheet type="text/xsl" href="static/style.xsl"?><OAI-PMH xmlns="http://www.openarchives.org/OAI/2.0/" xmlns:xsi="http://www.w3.org/2001/XMLSchema-instance" xsi:schemaLocation="http://www.openarchives.org/OAI/2.0/ http://www.openarchives.org/OAI/2.0/OAI-PMH.xsd"><responseDate>2026-06-30T03:13:20Z</responseDate><request verb="GetRecord" identifier="oai:docta.ucm.es:20.500.14352/58297" metadataPrefix="marc">https://docta.ucm.es/rest/oai/request</request><GetRecord><record><header><identifier>oai:docta.ucm.es:20.500.14352/58297</identifier><datestamp>2024-07-19T15:40:40Z</datestamp><setSpec>com_20.500.14352_14</setSpec><setSpec>col_20.500.14352_15</setSpec></header><metadata><record xmlns="http://www.loc.gov/MARC21/slim" xmlns:dcterms="http://purl.org/dc/terms/" xmlns:xsi="http://www.w3.org/2001/XMLSchema-instance" xmlns:doc="http://www.lyncode.com/xoai" xsi:schemaLocation="http://www.loc.gov/MARC21/slim http://www.loc.gov/standards/marcxml/schema/MARC21slim.xsd">
   <leader>00925njm 22002777a 4500</leader>
   <datafield ind2=" " ind1=" " tag="042">
      <subfield code="a">dc</subfield>
   </datafield>
   <datafield ind2=" " ind1=" " tag="720">
      <subfield code="a">Huertas Coronel, María José</subfield>
      <subfield code="e">author</subfield>
   </datafield>
   <datafield ind2=" " ind1=" " tag="720">
      <subfield code="a">Arnaud, N.</subfield>
      <subfield code="e">author</subfield>
   </datafield>
   <datafield ind2=" " ind1=" " tag="720">
      <subfield code="a">Ancochea Soto, Eumenio</subfield>
      <subfield code="e">author</subfield>
   </datafield>
   <datafield ind2=" " ind1=" " tag="720">
      <subfield code="a">Cantagrel, Jean Marie</subfield>
      <subfield code="e">author</subfield>
   </datafield>
   <datafield ind2=" " ind1=" " tag="720">
      <subfield code="a">Fuster Casas, José María</subfield>
      <subfield code="e">author</subfield>
   </datafield>
   <datafield ind2=" " ind1=" " tag="260">
      <subfield code="c">2002-06-30</subfield>
   </datafield>
   <datafield ind2=" " ind1=" " tag="520">
      <subfield code="a">Many felsic pyroclastic units of various types are exposed in different sectors of Tenerife. New 40Ar/39Ar determinations allow them to be placed more precisely in the general volcano-stratigraphic succession. According to geographic distribution, stratigraphic position and isotopic ages, four main pyroclastic phases may be identified. The first, San Juan de la Rambla phase (2.1 Ma), is only known in the north of Tenerife in the Tigaiga massif. The second, Adeje phase (1.8–1.5 Ma), is most completely developed in the southwest of the island, but occasionally occurs in the other sectors. The third, Las Américas phase (1 Ma), is only presently known in the southern region. The fourth, Bandas del Sur phase (0.7–0.15 Ma), is essentially exposed in the southeast sector. The results of this work emphasise the complexity of the pre-1-Ma eruptive history of Tenerife and underline the fact that explosive volcanic activity has taken place for at least the last 2 Ma. Vertical collapse structures have developed as a result of pyroclastic flow activity and these may be as old as 1.6–1.8 Ma, therefore much older than generally considered. The precise location of calderas is difficult to ascertain as a result of the repeated lateral flank collapse during the construction of the Cañadas volcano.</subfield>
   </datafield>
   <datafield ind1="8" ind2=" " tag="024">
      <subfield code="a">0377-0273</subfield>
   </datafield>
   <datafield ind1="8" ind2=" " tag="024">
      <subfield code="a">10.1016/S0377-0273(01)00331-6</subfield>
   </datafield>
   <datafield ind1="8" ind2=" " tag="024">
      <subfield code="a">https://hdl.handle.net/20.500.14352/58297</subfield>
   </datafield>
   <datafield ind1="8" ind2=" " tag="024">
      <subfield code="a">http://www.sciencedirect.com/science/journal/03770273</subfield>
   </datafield>
   <datafield ind2="0" ind1="0" tag="245">
      <subfield code="a">40Ar/39Ar stratigraphy of pyroclastic units from the Cañadas Volcanic Edifice (Tenerife, Canary Islands) and their bearing on the structural evolution</subfield>
   </datafield>
</record></metadata></record></GetRecord></OAI-PMH>